000 00438nam a22001457a 4500
005 20250530124756.0
008 250530b |||||||| |||| 00| 0 eng d
020 _a0930014731
050 _aBV 4317
_b.H63
100 _aHOWARD, GRANT J.
245 _aTHE TRAUMA OF TRANSPARECY
_bA Biblical Approach to Inter- Personal Communication
_cJ. GRANT HOWARD
260 _aPORTLAND
_bMULTNOMAH PRESS
_cc1979
300 _a235p.;
942 _2lcc
_cBK
_n0
999 _c6065
_d6065